000 00564nam a2200205Ia 4500
003 LK-CoDNM
008 010623t1953 xxu||||| |||| 00| 1 sin d
040 _aLK-CoDNM
_dLK-CoDNM
_eLK-CoDNM
041 _asin
080 _a891.3
_bPAD
100 _aRev.Ariyajothi, Lelwala
_eed.
245 _aපාළි කථා මඤ්ජූසා
246 _aPali katha manjusa
260 _bD.P.Dodangoda Company
_aMoratuwa
_c1953
300 _b81, 21.5 cm
500 _aNo.3
650 _aPali Language
700 _aRev.Padumajothi, Paraduwa
_eed.
942 _cBK
999 _c103170
_d103170